|
|
|
|
| LEADER |
00000nam a22000007a 4500 |
| 005 |
20210702113950.0 |
| 007 |
cr|||| |||| |
| 008 |
210702s2017 co |||||s|||| 00||0 spa d |
| 020 |
|
|
|a 978-958-762-715-2
|
| 035 |
|
|
|a 33415
|
| 040 |
|
|
|a Lex
|
| 090 |
|
|
|c 11836
|d 11836
|
| 100 |
1 |
|
|a Flores, Anna
|
| 245 |
1 |
0 |
|a Comunicacin̤ desde la PNL
|h [Recurso electrn̤ico] :
|b "No es lo que digo sino cm̤o lo digo" /
|c Anna Flores
|
| 256 |
|
|
|a Servicio en ln̕ea
|
| 260 |
|
|
|a Bogot:̀
|b Ediciones de la U,
|c 2017
|
| 300 |
|
|
|a 1 recurso electrn̤ico
|
| 500 |
|
|
|a El libro est ̀centrado en las aportaciones con las que la Programacin̤ Neuro Lingüs̕tica ha contribuido a la comunicacin̤ en la empresa. No va a versar sobre imagen de marca o publicidad, porque el props̤ito que persigue es el de ofrecer al emisor, la persona que emite el mensaje, un conjunto de tčnicas y estrategias para, por un lado, hacer evaluacin̤ de sus capacidades comunicativas y, por otro, mejorarlas.
|
| 506 |
1 |
|
|a Disponible solo en los productos indicados
|d vLex Global
|d vLex Global (Academic Edition, excluding Law Schools)
|d vLex Global (U.S. Academic Edition, Law Schools)
|d vLex Global (U.S. Academic Edition, excluding Law Schools)
|d vLex Global (Academic Edition, Law Schools)
|
| 650 |
0 |
4 |
|a Ciencias sociales
|z Colombia
|
| 740 |
0 |
|
|a vLex Libros (Servicio en ln̕ea)
|
| 856 |
4 |
0 |
|u https://vlex.com/source/comunicacion-desde-la-pnl-no-es-lo-que-digo-sino-como-lo-digo--33415
|z Acceso restringido
|
| 942 |
|
|
|c BOOK
|
| 999 |
0 |
|
|a Social Sciences
|